Daft Punk Charting Songs (Billboard Hot 100) - Statistics

General Stats
  • This quiz has been taken 97 times
  • The average score is 4 of 5
Answer Stats
Album Weeks On Peak Artist(s) Song % Correct
Starboy 30 Weeks #1 (1 Week) The Weeknd ft. Daft Punk Starboy
96%
Random Access Memories 29 Weeks #2 Daft Punk ft. Pharrell Williams Get Lucky
94%
Starboy 26 Weeks #4 The Weeknd ft. Daft Punk I Feel It Coming
85%
Discovery 16 Weeks #61 Daft Punk One More Time
85%
Homework 20 Weeks #61 Daft Punk Around the World
83%
No matching quizzes found
Score Distribution
Percent of People with Each Score
Percentile by Number Answered
Your Score History
You have not taken this quiz